Statistics for Scottish Football League team nicknames

Click here to take the quiz!

General Stats

  • This quiz has been taken 479 times
    (398 since last reset)
  • The average score is 21 of 42

Answer Stats

HintAnswer% Correct
AberdeenThe Dons, The Reds, The Dandies
95%
CelticThe Hoops, The Bhoys, The Celts
94%
RangersThe Gers, The Teddy Bears, The Light Blues
91%
Heart of MidlothianHearts, The Jam Tarts, The Jambos, The Famous, The Maroons
85%
Inverness Caledonian ThistleCaley Thistle, Caley Jags, Inverness Caley Thistle, ICT, The Jags, Caley, Inverness Caley Jags, The Pride of the Highlands
84%
HibernianHibs, Hibees, The Cabbage
84%
Hamilton AcademicalThe Accies
81%
Dundee UnitedThe Terrors, The Tangerines, The Arabs
78%
MotherwellWell, The Steelmen, The Dossers
76%
Partick ThistleThe Jags, The Harry Wraggs, The Maryhill Magyars
75%
KilmarnockKillie
75%
St JohnstoneThe Saintees, The Saints
72%
DunfermlineThe Pars
61%
LivingstonLivi, The Lions, The Amber Machine
61%
St MirrenThe Saints, The Buddies
60%
Queen of the SouthThe Doonhamers, Queens
59%
Greenock MortonThe Ton, The Pride of the Clyde
53%
CowdenbeathThe Blue Brazil, Cowden, The Miners
52%
Alloa AthleticThe Wasps
51%
DundeeThe Dees, The Dark Blues
51%
Ross CountyThe Staggies
48%
FalkirkThe Bairns
48%
ClydeThe Bully Wee
45%
AirdrieoniansThe Diamonds
45%
Raith RoversThe Rovers
44%
Ayr UnitedThe Honest Men
41%
DumbartonThe Sons
41%
Queen's ParkThe Spiders, The Glorious Hoops
37%
StenhousemuirThe Warriors, Stenny
34%
StranraerThe Blues
34%
East FifeThe Fifers, The Fife
33%
ArbroathThe Red Lichties, The Smokies
32%
Brechin CityThe City, The Hedgemen
30%
Elgin CityCity, The Black and Whites
28%
PeterheadThe Blue Toon
25%
Berwick RangersThe Black & Gold, The Dream Team, The Wee Gers, The Borderers
22%
East StirlingshireThe Shire
22%
Forfar AthleticThe Loons, The Sky Blues
21%
Albion RoversThe Wee Rovers
18%
Stirling AlbionThe Binos
18%
Annan AthleticGalabankies, Black and Golds
17%
MontroseThe Gable Endies
15%

Score Distribution

Percentile by Number Answered

Percent of People with Each Score

Your Score History

You have not taken this quiz since the last reset